Guess the Taylor Swift song no hints #17 - Statistics

General Stats
  • This quiz has been taken 70 times
  • The average score is 254 of 370
Answer Stats
Answer % Correct
I
100%
you
100%
You
100%
a
98%
an
96%
it
96%
me
96%
the
96%
The
96%
And
94%
and
94%
we
92%
I'm
90%
In
90%
in
90%
is
90%
Your
90%
your
90%
do
88%
if
88%
My
88%
my
88%
On
88%
to
88%
be
86%
He
86%
he
86%
it's
84%
It's
84%
that
84%
where
84%
all
82%
are
82%
so
82%
So
82%
don't
78%
of
78%
I'd
76%
now
76%
Now
76%
one
76%
What
76%
what
76%
been
73%
but
73%
But
73%
for
73%
know?
71%
know
71%
mine
71%
from
69%
Oh
69%
us
69%
this
67%
time
67%
can't
65%
see
65%
yours
65%
just
63%
out
63%
day
61%
How's
61%
ivy
61%
covered
57%
goddamn
57%
grows
57%
hand
57%
meet
57%
Or
57%
would
57%
here
55%
house
55%
meets
55%
only
55%
spirit
55%
yeah
55%
another
53%
bones
53%
does
53%
every
53%
He's
53%
wait
53%
we'll
53%
eyes
51%
freezing
51%
palm
51%
stone
51%
wants
51%
what's
51%
land
49%
sit
49%
snow
49%
Stop
49%
dreamland
47%
fight
47%
fits
47%
found
47%
gonna
47%
life
47%
promised
47%
started
47%
Tarnished
47%
wine
47%
faith
45%
forgotten
45%
goes
45%
roots
45%
war
45%
dark
43%
hands
43%
old
43%
pain
43%
putting
43%
brought
41%
die
41%
drink
41%
glow
41%
grand
41%
Grieving
41%
live
41%
living
41%
long
41%
touch
41%
widow
41%
wish
41%
burn
39%
ground
39%
husbands
39%
incandescent
39%
opal
39%
tell
39%
blaze
37%
borrowed
37%
breaks
37%
fear
37%
fire
37%
forth
37%
loose
37%
makes
37%
run
37%
Spring
37%
watch
37%
field
35%
moments
35%
near
35%
room
35%
stole
35%
Taking
35%
begged
33%
cursed
33%
become
31%
clear
31%
dare
31%
flaw
31%
Magnificently
31%
blooms
29%
Clover
29%
coast
29%
fatal
29%
moon
29%
Crescent
24%
No matching quizzes found
Score Distribution
Percent of People with Each Score
Percentile by Number Answered
Your Score History
You have not taken this quiz